| 000 | 00806cam a22001934a 4500 | ||
|---|---|---|---|
| 005 | 20250605164056.0 | ||
| 008 | 250528s ||||||||||||||||||||||||d | ||
| 035 | _a17487 | ||
| 020 | _a406001928 | ||
| 040 |
_aGR-AtMCL _bgre _dGR-AtMCL _eAACR2 |
||
| 245 | 1 | _aArbitration in Spain | |
| 260 |
_bButterworths, _c1991 |
||
| 300 | _a178 | ||
| 520 | _aPreface, Overview of the 1988 Arbitration Act, General Characteristics of Arbitration, The Arbitration Agreement and its Effects, Arbitrators, Arbitration Procedure, Arbitration Awards, Judicial Intervention, Annulment and Review of Arbitration Awards, Forcible Execution of Arbitration Awards, International Arbitration, Final Provisions, Appendix, Index. | ||
| 700 | 1 |
_aCremedes Bernardo M _93626 |
|
| 942 | _cBK | ||
| 999 |
_c2895 _d2895 |
||